Examen teológico-crítico de la obra del Excmo. Señor D. Cándido Nocedal titulada Vida de Jovellanos / (Record no. 164537)

MARC details
000 -LEADER
campo de control de longitud fija 00892nam a2200205 i 4500
001 - NÚMERO DE CONTROL
campo de control 164537
003 - IDENTIFICADOR DE NÚMERO DE CONTROL
campo de control ES-MaACL
005 - FECHA Y HORA DE LA ÚLTIMA TRANSACCIÓN
campo de control 20240116184031.0
008 - DATOS DE LONGITUD FIJA--INFORMACIÓN GENERAL
campo de control de longitud fija 931025s1881 sp |||| | spa d
100 1# - ENTRADA PRINCIPAL--NOMBRE DE PERSONA
Nombre de persona Sánchez, Miguel,
Fechas asociadas al nombre 1833-1889
9 (RLIN) 102411
245 10 - MENCIÓN DEL TÍTULO
Título Examen teológico-crítico de la obra del Excmo. Señor D. Cándido Nocedal titulada Vida de Jovellanos /
Mención de responsabilidad, etc. por Miguel Sánchez.
260 ## - PUBLICACIÓN, DISTRIBUCIÓN, ETC.
Lugar de publicación, distribución, etc. Madrid :
Nombre del editor, distribuidor, etc. [s.n.],
Fecha de publicación, distribución, etc. 1881 (
Fabricante Imprenta de Enrique de la Riva)
300 ## - DESCRIPCIÓN FÍSICA
Extensión 170 p. ;
Dimensiones 24 cm.
510 4# - NOTA DE CITAS O REFERENCIAS BIBLIOGRÁFICAS
Nombre de la fuente PALAU, 294373
530 ## - NOTA DISPONIBLE DE FORMULARIO FÍSICO ADICIONAL
Nota de formato físico adicional disponible Disponible en formato digital.
600 10 - PUNTO DE ACCESO ADICIONAL DE MATERIA--NOMBRE DE PERSONA
Nombre de persona Jovellanos, Gaspar Melchor de,
Fechas asociadas al nombre 1744-1811
9 (RLIN) 222580
852 ## - LOCALIZACIÓN
Ubicación ES-MaACL
Número de control de estantería T-363-F-7
Nota libre -- Enc. hol.
-- -- Enc. en un vol. facticio
856 ## - LOCALIZACIÓN Y ACCESO ELECTRÓNICOS
Identificador Uniforme de Recursos <a href="http://www.bibliotecavirtual.asturias.es/i18n/consulta/registro.cmd?id=3025">http://www.bibliotecavirtual.asturias.es/i18n/consulta/registro.cmd?id=3025</a>
Nota pública Biblioteca Virtual del Principado de Asturias
Holdings
Estatus retirado Estado de pérdida Estado de daño No para préstamo Colección Biblioteca de origen Biblioteca actual Ubicación en estantería Fecha de adquisición Total de préstamos Signatura topográfica completa Código de barras Visto por última vez Precio de reemplazo Tipo de ítem Koha
        Colección de folletos Biblioteca del Ateneo de Madrid Biblioteca del Ateneo de Madrid Depósito folletos 17/01/2008   T-363-F-7 1172473 23/02/2023 23/02/2023 Folleto